000 00604nam a2200253 a 4500
001 nice12345678
003 IN_TiNIC
005 20260116013702.0
008 070405s1991 newa grp 000 0 urd
020 _a
_c125
082 0 0 _a181.07
_bKHA7
100 _aKhan, M A Salam
245 _aAfkar-E-iqbal
260 _aNew Delhi
_bMaktaba Jamia
_c1991
300 _a387p
500 _aincludes index and biblioraphy
505 2 _aBibliography
650 _aPhilosophy-Islamic
650 _aIqbal-Philosophy
700 1 _aKhan, M A Salam
902 _bSRS
942 _cBK
999 _c11955
_d11955